00486nam a2200145Ia 4500008004100000020001800041041000800059082001500067100005600082245010400138250000600242260004700248300001300295650003200308210716s2016 xx 000 0 und d a9780070499331 aeng a658.7 BURD aBurt, David N;Dobler, Donald W;Starling, Stephen L. aWorld class supply management: the key to supply chain management.bKey to supply chain management. a7 aNew DelhibMc Graw Hill Book Companyc2016 axlvi,689 aMaterials Management(658.7)